Vigas y pórticos
Uloženo v:
| Hlavní autor: | |
|---|---|
| Médium: | Kniha |
| Jazyk: | španělština |
| Vydáno: |
Madrid
Instituto Juan de Herrera
2002
|
| Témata: | |
| Tagy: |
Přidat tag
Žádné tagy, Buďte první, kdo vytvoří štítek k tomuto záznamu!
|
MARC
| LEADER | 00000nam a2200000 a 4500 | ||
|---|---|---|---|
| 001 | UCH5105 | ||
| 003 | CL-VaPUC | ||
| 008 | 090924e20020000SP |||||||||||||||||spa|d | ||
| 020 | |a 9788497280549 | ||
| 082 | 0 | 4 | |a 721.41 |b HEY |2 21 |
| 100 | |a Heyman, Jacques |e author |9 541259 | ||
| 245 | 1 | 0 | |a Vigas y pórticos |
| 300 | |a 161 p | ||
| 942 | |c BK | ||
| 945 | |d 20090924 00:00:00 |a rbrito | ||
| 260 | |a Madrid |b Instituto Juan de Herrera |c 2002 | ||
| 650 | 0 | |a Vigas |9 363949 | |
| 650 | 7 | |a PORTICOS |2 CL-VaPUC |9 260719 | |
| 650 | 0 | |a Arcos |9 271658 | |
| 650 | 0 | |a Diseño estructural |9 498280 | |
| 583 | |a last modification |c 20090924 00:00:00 |k Rodrigo Vera | ||
| 999 | |c 336307 |d 336305 | ||
| 952 | |0 0 |1 0 |4 0 |6 721_410000000000000_HEY_2002 |7 0 |8 A |9 427357 |a BIBARQ |b BIBARQ |d 2019-11-22 |i 4602447 |o 721.41 HEY 2002 |p 4602447 |r 2025-01-20 |w 2019-11-22 |y BK |k ARQ | ||